000 00547nam a22001337a 4500
003 SGT
020 _a818798839
082 _a891.4309
_bA17P
100 _aपाण्डेय, रमेश कुमार
245 _aअध्यापक शिक्षा में मूल्यमीमांसा वर्तमान परिप्रेक्ष्य एवं चुनौतियां
260 _b राष्ट्रीय संस्कृत विद्यापीठम
_c2017
300 _a322
942 _2ddc
_cBK
999 _c31273
_d31273